Housing statistics 2000. (Record no. 101082)

MARC details
000 -LEADER
fixed length control field 01048cam a2200349 4500
008 - FIXED-LENGTH DATA ELEMENTS--GENERAL INFORMATION
fixed length control field 000000n2000 000 0 eng u
020 ## - INTERNATIONAL STANDARD BOOK NUMBER
International Standard Book Number 1851124551
035 ## - SYSTEM CONTROL NUMBER
System control number (Sirsi) u110271
041 ## - LANGUAGE CODE
Language code of text/sound track or separate title eng
050 ## - LIBRARY OF CONGRESS CALL NUMBER
Classification number 306.0212
110 ## - MAIN ENTRY--CORPORATE NAME
Corporate name or jurisdiction name as entry element United Kingdom
Subordinate unit Department of the Environment, Transport and the Regions
9 (RLIN) 3507
245 ## - TITLE STATEMENT
Title Housing statistics 2000.
260 ## - PUBLICATION, DISTRIBUTION, ETC.
Place of publication, distribution, etc. London
Name of publisher, distributor, etc. DETR
Date of publication, distribution, etc. 2000
300 ## - PHYSICAL DESCRIPTION
Extent viii,125p. ; 30cm.
350 ## - PRICE (NR) (BK AM CF MU VM SE) [OBSOLETE]
Price 28.00
520 ## - SUMMARY, ETC.
Summary, etc. Also available on the DETR website www.housing.detr.gsi.gov.uk
650 ## - SUBJECT ADDED ENTRY--TOPICAL TERM
Topical term or geographic name entry element HOMELESSNESS
650 ## - SUBJECT ADDED ENTRY--TOPICAL TERM
Topical term or geographic name entry element HOUSE BUILDING
650 ## - SUBJECT ADDED ENTRY--TOPICAL TERM
Topical term or geographic name entry element HOUSEHOLD INCOME
650 ## - SUBJECT ADDED ENTRY--TOPICAL TERM
Topical term or geographic name entry element HOUSING FINANCE
650 ## - SUBJECT ADDED ENTRY--TOPICAL TERM
Topical term or geographic name entry element HOUSING RENEWAL SCHEMES
650 ## - SUBJECT ADDED ENTRY--TOPICAL TERM
Topical term or geographic name entry element HOUSING RENOVATION
650 ## - SUBJECT ADDED ENTRY--TOPICAL TERM
Topical term or geographic name entry element HOUSING STOCK
650 ## - SUBJECT ADDED ENTRY--TOPICAL TERM
Topical term or geographic name entry element RENT REGULATION
650 ## - SUBJECT ADDED ENTRY--TOPICAL TERM
Topical term or geographic name entry element STATISTICS
690 ## - LOCAL SUBJECT ADDED ENTRY--TOPICAL TERM (OCLC, RLIN)
Topical term or geographic name as entry element HOUSING
710 ## - ADDED ENTRY--CORPORATE NAME
Corporate name or jurisdiction name as entry element Scottish Executive
9 (RLIN) 3811
710 ## - ADDED ENTRY--CORPORATE NAME
Corporate name or jurisdiction name as entry element NAFW
9 (RLIN) 3812
710 ## - ADDED ENTRY--CORPORATE NAME
Corporate name or jurisdiction name as entry element Department of Social Development for Northern Ireland
9 (RLIN) 4047
856 ## - ELECTRONIC LOCATION AND ACCESS
Uniform Resource Identifier <a href="https://www.housing.detr.gsi.gov.uk">https://www.housing.detr.gsi.gov.uk</a>
942 ## - ADDED ENTRY ELEMENTS (KOHA)
Suppress in OPAC 0
Holdings
Withdrawn status Lost status Source of classification or shelving scheme Damaged status Not for loan Home library Current library Shelving location Date acquired Cost, normal purchase price Total Checkouts Full call number Barcode Date last seen Copy number Cost, replacement price Price effective from Koha item type
    Dewey Decimal Classification     London London Statistics 14/05/2001 12.75   STATISTICS 30064398 06/08/2019 1 12.75 06/08/2019 Reference material